[Event "Reykjavik Open 2015"]
[Site "Reykjavik, "]
[Date "2015.03.11"]
[Round "2.91"]
[White "Edvardsen, Oystein"]
[Black "Stam, Bart"]
[Result "0-1"]
[WhiteElo "1662"]
[BlackElo "1972"]
[PlyCount "66"]
[EventDate "2015.03.10"]

1. e4 c5 2. f4 Nc6 3. Nf3 d6 4. Bc4 Nf6 5. d3 e6 6. O-O Be7 7. h3 O-O 8. g4 d5
9. exd5 exd5 10. Bb5 Qb6 11. Bxc6 bxc6 12. f5 c4+ 13. d4 Ne4 14. Nc3 Qc7 15.
Qe1 Re8 16. Nxe4 dxe4 17. Ne5 Ba6 18. Bf4 Bd6 19. f6 c3 20. Rf2 cxb2 21. Rb1
gxf6 22. Bh6 fxe5 23. Rf5 Re6 24. Qh4 Rg6 25. Rf6 Be7 26. Rxg6+ hxg6 27. Qg3
Rb8 28. dxe5 Qa5 29. e6 Rd8 30. exf7+ Kh7 31. Be3 Qxa2 32. Qe1 Qxf7 33. g5 Qf3
0-1

[Event "Reykjavik Open 2015"]
[Site "Reykjavik, "]
[Date "2015.03.11"]
[Round "2.94"]
[White "Jonsson, Gauti Pall"]
[Black "Ugland, Torge"]
[Result "1/2-1/2"]
[WhiteElo "1968"]
[BlackElo "1636"]
[PlyCount "118"]
[EventDate "2015.03.10"]

1. e4 e5 2. Nf3 Nc6 3. d4 exd4 4. Nxd4 Bc5 5. Nb3 Bb6 6. Nc3 d6 7. Bb5 Bd7 8.
Qe2 Nf6 9. Bg5 Ne5 10. Bxd7+ Nexd7 11. O-O-O h6 12. Bh4 g5 13. Bg3 Qe7 14. Rhe1
O-O-O 15. a4 a6 16. a5 Ba7 17. Nd4 Bxd4 18. Rxd4 Rhe8 19. b4 Ne5 20. Nd5 Nxd5
21. Rxd5 f5 22. Bxe5 dxe5 23. Qc4 Rxd5 24. exd5 Qd6 25. Re3 Rd8 26. Rh3 e4 27.
Qc3 Qxd5 28. Rxh6 f4 29. Rh7 c6 30. Re7 Qd1+ 31. Kb2 Qd5 32. Re5 Qd2 33. Rxg5
Qxf2 34. Qc4 Qd4+ 35. Qxd4 Rxd4 36. Kc3 Rd5 37. Rg8+ Kd7 38. Rf8 e3 39. Rxf4
Re5 40. Rf1 Ke6 41. Kd3 c5 42. bxc5 Rxc5 43. Kxe3 Rxa5 44. g4 Rc5 45. Re1 Kf6
46. Kd3 Kg5 47. h3 a5 48. c4 b5 49. Re4 Kh4 50. cxb5 Rxb5 51. Re3 Rb4 52. Kc3
Rb1 53. Kc2 Rb4 54. Ra3 a4 55. Kd2 Rb6 56. Rxa4 Rb3 57. Ra1 Rxh3 58. Rg1 Kg5
59. Ke2 Ra3 1/2-1/2

[Event "Reykjavik Open 2015"]
[Site "Reykjavik, "]
[Date "2015.03.11"]
[Round "2.95"]
[White "Thoroddsen, Arni"]
[Black "Mehringer, Joerg"]
[Result "0-1"]
[WhiteElo "1611"]
[BlackElo "1955"]
[PlyCount "100"]
[EventDate "2015.03.10"]

1. g3 e5 2. Bg2 d5 3. c4 c6 4. Qa4 dxc4 5. Qxc4 Be6 6. Qa4 Nf6 7. Nc3 Bd6 8.
Ne4 Nxe4 9. Bxe4 O-O 10. Qc2 f5 11. Bg2 Na6 12. a3 Nc5 13. Nf3 Nb3 14. Rb1 e4
15. Nh4 Nxc1 16. Rxc1 g5 17. Nxf5 Bxf5 18. Bxe4 Bxe4 19. Qxe4 Qf6 20. O-O Rae8
21. Qc4+ Qe6 22. e3 Qxc4 23. Rxc4 Rf5 24. h4 h6 25. Kg2 Kg7 26. hxg5 hxg5 27.
Rg4 Re6 28. a4 Be7 29. b4 Rd5 30. Rd1 Rd3 31. Kf3 Rb3 32. Rc1 Rxb4 33. Rcc4
Rxc4 34. Rxc4 b5 35. axb5 cxb5 36. Rc7 a5 37. Ra7 a4 38. Ke2 a3 39. Kd1 Kg6 40.
Kc2 b4 41. f4 g4 42. Ra5 Kf7 43. Kb3 Rc6 44. e4 Rc1 45. Ka2 Rc2+ 46. Kb1 Rxd2
47. Rf5+ Ke8 48. Rb5 Rd3 49. f5 b3 50. Kc1 Bg5+ 0-1

[Event "Reykjavik Open 2015"]
[Site "Reykjavik, "]
[Date "2015.03.11"]
[Round "2.97"]
[White "Klofsrud, August"]
[Black "Babijczuk, Pawel"]
[Result "0-1"]
[WhiteElo "1571"]
[BlackElo "1950"]
[PlyCount "80"]
[EventDate "2015.03.10"]

1. d4 d6 2. c4 e5 3. dxe5 dxe5 4. Qxd8+ Kxd8 5. Nc3 c6 6. Nf3 f6 7. g3 Be6 8.
e4 Nd7 9. Be3 Kc7 10. O-O-O Bb4 11. Kc2 Ne7 12. a3 Bxc3 13. Kxc3 b6 14. h4 Bg4
15. Bh3 Bxh3 16. Rxh3 c5 17. Ng1 Nc6 18. Ne2 Nd4 19. Nc1 Rhe8 20. g4 Nf8 21. b3
Nfe6 22. Kb2 h6 23. Na2 a6 24. Nc3 Kc6 25. a4 b5 26. axb5+ axb5 27. cxb5+ Nxb5
28. Nxb5 Kxb5 29. Bd2 Red8 30. Rc3 Nf4 31. f3 Nd3+ 32. Kb1 Nb4 33. Rc2 Nxc2 34.
Kxc2 Ra2+ 35. Kc3 Rd7 36. h5 Rd4 37. Bxh6 Rxd1 38. Bxg7 Rdd2 39. b4 cxb4+ 40.
Kb3 Ra3# 0-1

[Event "Reykjavik Open 2015"]
[Site "Reykjavik, "]
[Date "2015.03.11"]
[Round "2.101"]
[White "Ragnarsson, Heimir Pall"]
[Black "Klausen, Kris"]
[Result "1-0"]
[WhiteElo "1497"]
[BlackElo "1937"]
[PlyCount "123"]
[EventDate "2015.03.10"]

1. c4 Nf6 2. g3 e6 3. Bg2 d5 4. Nf3 c6 5. cxd5 cxd5 6. O-O Nc6 7. d3 Be7 8. Bf4
Qb6 9. Qc2 Bd7 10. Nc3 Rc8 11. Rab1 e5 12. Bd2 d4 13. Na4 Qb5 14. Qc4 Qxc4 15.
dxc4 Ne4 16. Rfd1 Bf5 17. Rbc1 Nxd2 18. Nxd2 Rc7 19. a3 O-O 20. b4 Bd7 21. Nb2
Be6 22. Nd3 f6 23. Ne4 b6 24. c5 b5 25. Nd6 a6 26. f4 Bg4 27. Re1 exf4 28. Nxf4
Ne5 29. Rcd1 d3 30. Nxd3 Bxd6 31. cxd6 Rc2 32. Nxe5 fxe5 33. d7 Rd8 34. Bf3 Be6
35. Rd6 Kf7 36. Red1 Ke7 37. Rxa6 Rxd7 38. Rxd7+ Bxd7 39. Kf2 Rc3 40. Be4 h6
41. Rb6 Kf7 42. Rd6 Ke7 43. Rd3 Rc4 44. Ke3 Be6 45. Bd5 Rc1 46. Ke4 Bg4 47.
Kxe5 Bxe2 48. Re3 Bh5 49. Bf3 Bf7 50. Kd4+ Kd6 51. Rc3 Ra1 52. Rc6+ Kd7 53. Ra6
Ra2 54. Bc6+ Kc7 55. Bxb5 Kb7 56. Rd6 Rxa3 57. Rd7+ Kb6 58. Rxf7 Kxb5 59. Rb7+
Kc6 60. Rxg7 Ra2 61. Rg6+ Kb5 62. Rxh6 1-0

[Event "Reykjavik Open 2015"]
[Site "Reykjavik, "]
[Date "2015.03.11"]
[Round "2.103"]
[White "Paillat, Cecile"]
[Black "Undheim, Bjarne"]
[Result "0-1"]
[WhiteElo "1485"]
[BlackElo "1926"]
[PlyCount "94"]
[EventDate "2015.03.10"]

1. d4 d5 2. Nf3 Nc6 3. Bf4 Bf5 4. a3 e6 5. e3 Bd6 6. Bg3 Nge7 7. c4 O-O 8. Nc3
Re8 9. Be2 a6 10. O-O dxc4 11. e4 Bxg3 12. exf5 Bf4 13. fxe6 fxe6 14. Bxc4 Nd5
15. Re1 Kf8 16. Qc2 g6 17. Re4 Bh6 18. Rae1 Qd7 19. h4 b5 20. Bxd5 exd5 21.
Rxe8+ Rxe8 22. Rxe8+ Kxe8 23. Qe2+ Kd8 24. Ne5 Nxe5 25. Qxe5 Bg7 26. Qg5+ Kc8
27. Nxd5 Bxd4 28. Ne7+ Kb8 29. b3 h6 30. Qd5 Bxf2+ 31. Kxf2 Qxe7 32. Qg8+ Ka7
33. Qxg6 Qxh4+ 34. Qg3 Qxg3+ 35. Kxg3 c5 36. Kf2 Kb6 37. Ke2 Kc6 38. Kd3 Kd5
39. a4 h5 40. g3 bxa4 41. bxa4 a5 42. Kc3 c4 43. Kd2 Kd4 44. Kc2 c3 45. Kc1 Kd3
46. Kd1 c2+ 47. Kc1 Kc3 0-1

[Event "Reykjavik Open 2015"]
[Site "Reykjavik, "]
[Date "2015.03.11"]
[Round "2.105"]
[White "Davidsson, Oskar Vikingur"]
[Black "Densing, Gerd"]
[Result "0-1"]
[WhiteElo "1454"]
[BlackElo "1903"]
[PlyCount "68"]
[EventDate "2015.03.10"]

1. e4 e6 2. d4 b6 3. c3 Bb7 4. Nf3 Bxe4 5. Nbd2 Bb7 6. Bd3 Nf6 7. O-O c5 8. Qc2
d5 9. Re1 c4 10. Be2 Bd6 11. b3 cxb3 12. axb3 O-O 13. Bd3 h6 14. Ne5 Nc6 15. f4
Qc7 16. Ndf3 Rfc8 17. Nxc6 Qxc6 18. Bd2 Ne4 19. Bxe4 dxe4 20. Ne5 Qc7 21. Qd1
f5 22. Qh5 Bxe5 23. fxe5 Qc6 24. Bxh6 gxh6 25. Re3 Rc7 26. Qxh6 Rg7 27. Rh3 e3
28. Qh8+ Kf7 29. Qh5+ Ke7 30. Qh4+ Kd7 31. Ra2 Rxg2+ 32. Kf1 Rag8 33. Rg3 R8xg3
34. hxg3 Qf3+ 0-1

[Event "Reykjavik Open 2015"]
[Site "Reykjavik, "]
[Date "2015.03.11"]
[Round "2.106"]
[White "Andersen, Niels Erik"]
[Black "D`aste, Federico"]
[Result "1-0"]
[WhiteElo "1900"]
[BlackElo "1499"]
[PlyCount "71"]
[EventDate "2015.03.10"]

1. d4 Nf6 2. c4 g6 3. Nc3 d5 4. cxd5 Nxd5 5. e4 Nxc3 6. bxc3 Bg7 7. Bc4 c5 8.
Be3 Nc6 9. Ne2 O-O 10. O-O cxd4 11. cxd4 e5 12. d5 Na5 13. Bd3 f5 14. Rc1 b6
15. f3 f4 16. Bf2 Qg5 17. Kh1 Qe7 18. Nc3 Bd7 19. Ba6 Rfb8 20. d6 Qe6 21. Nd5
Qxd6 22. Nc7 Qxd1 23. Rfxd1 Ba4 24. Re1 Bf8 25. Nxa8 Rxa8 26. Rc8 Rxc8 27. Bxc8
Kf7 28. Rc1 Bd6 29. Ba6 g5 30. Rc8 Bd7 31. Ra8 Nc6 32. Bb7 Bc5 33. Bxc6 Bxc6
34. Rxa7+ Kg6 35. Bxc5 bxc5 36. Ra6 1-0

[Event "Reykjavik Open 2015"]
[Site "Reykjavik, "]
[Date "2015.03.11"]
[Round "2.114"]
[White "Lemery, Jon Thor"]
[Black "Heimisson, Hilmir Freyr"]
[Result "0-1"]
[WhiteElo "1273"]
[BlackElo "1861"]
[PlyCount "100"]
[EventDate "2015.03.10"]

1. e4 e6 2. d3 d5 3. Nd2 Nf6 4. e5 Nfd7 5. d4 c5 6. c3 Nc6 7. Nb3 b6 8. Be3 Bb7
9. f4 Be7 10. Nf3 Rc8 11. Be2 cxd4 12. Nbxd4 Nc5 13. O-O Ne4 14. Nd2 Bc5 15.
Bb5 g6 16. Qc2 a6 17. Nxe4 dxe4 18. Bxc6+ Bxc6 19. Rad1 Qc7 20. a3 a5 21. Rfe1
Bd5 22. Qa4+ Kf8 23. b4 axb4 24. axb4 Bxd4 25. Bxd4 Kg7 26. Qc2 Ra8 27. Ra1 h5
28. Qf2 h4 29. h3 Qc6 30. Qe3 Ra4 31. f5 Rh5 32. f6+ Kh7 33. Rec1 b5 34. Qf2
Qa8 35. Qe1 e3 36. Bxe3 Bxg2 37. Rxa4 bxa4 38. Rc2 Bxh3 39. Qd1 Rxe5 40. Qd7
Kg8 41. Qd4 Rf5 42. Bf4 e5 43. Qe3 Rxf4 44. Qxh3 a3 45. Ra2 Qa7+ 46. Kh1 Qa8+
47. Kg1 Rxf6 48. Qxh4 Rf5 49. Rh2 Rh5 50. Qe4 Qxe4 0-1

[Event "Reykjavik Open 2015"]
[Site "Reykjavik, "]
[Date "2015.03.11"]
[Round "2.116"]
[White "Kristofersson, Sindri Snaer"]
[Black "Hauksson, Hordur Aron"]
[Result "0-1"]
[WhiteElo "1224"]
[BlackElo "1853"]
[PlyCount "70"]
[EventDate "2015.03.10"]

1. d4 Nf6 2. Bg5 d5 3. Nd2 Nbd7 4. Ngf3 e6 5. e3 Be7 6. Bd3 O-O 7. c3 c5 8. O-O
b6 9. b3 Bb7 10. Qc2 Rc8 11. Bxf6 Nxf6 12. c4 dxc4 13. bxc4 h6 14. Rab1 Qc7 15.
h3 Rfd8 16. Rfe1 Ba8 17. Rb2 Qc6 18. Nb3 Qb7 19. Rd1 Rd7 20. Rd2 g5 21. Re2
Rcd8 22. a4 Nh5 23. Nbd2 cxd4 24. a5 dxe3 25. Rxe3 Bc5 26. Be4 Qc8 27. Bh7+ Kg7
28. Re2 Nf4 29. Re5 f6 30. Re1 f5 31. g3 Nxh3+ 32. Kh2 Nxf2 33. Qc3+ Kxh7 34.
Rxe6 Rd3 35. Qc2 Qxe6 0-1

[Event "Reykjavik Open 2015"]
[Site "Reykjavik, "]
[Date "2015.03.11"]
[Round "2.117"]
[White "Birkisson, Bjorn Holm"]
[Black "Kristbergsson, Bjorgvin"]
[Result "1-0"]
[WhiteElo "1845"]
[BlackElo "1159"]
[PlyCount "49"]
[EventDate "2015.03.10"]

1. e4 g6 2. d4 Bg7 3. Nc3 c6 4. f4 e6 5. Nf3 h6 6. Bd3 b6 7. O-O Bb7 8. e5 Ne7
9. Ne4 Nf5 10. g4 d5 11. Nf6+ Bxf6 12. gxf5 gxf5 13. exf6 Qxf6 14. Kh1 c5 15.
Bb5+ Nc6 16. Ne5 Rc8 17. c3 a6 18. Bxc6+ Rxc6 19. Nxc6 Bxc6 20. Be3 Bb5 21. Rg1
c4 22. Qh5 Ke7 23. Bf2 Ke8 24. Bh4 Qg6 25. Rxg6 1-0

[Event "Reykjavik Open 2015"]
[Site "Reykjavik, "]
[Date "2015.03.11"]
[Round "2.118"]
[White "Heidarsson, Arnar"]
[Black "Marshall, Michael"]
[Result "0-1"]
[WhiteElo "1119"]
[BlackElo "1844"]
[PlyCount "116"]
[EventDate "2015.03.10"]

1. e4 c5 2. Nf3 e6 3. Nc3 Nc6 4. Bb5 Nd4 5. Be2 Ne7 6. O-O Nec6 7. a3 a6 8. d3
Be7 9. Be3 b5 10. Nxd4 cxd4 11. Bd2 dxc3 12. Bxc3 O-O 13. Bh5 b4 14. axb4 Bxb4
15. Bxb4 Nxb4 16. Qd2 Nc6 17. Bf3 e5 18. c3 Qb6 19. b4 Bb7 20. Rfb1 Rfb8 21.
Ra2 d6 22. Rab2 Qc7 23. b5 axb5 24. Rxb5 Ba6 25. R5b2 Rxb2 26. Rxb2 Rb8 27. Be2
Rxb2 28. Qxb2 Qb8 29. Qxb8+ Nxb8 30. Kf1 Kf8 31. Ke1 Ke7 32. Kd2 Nd7 33. Bd1
Nc5 34. c4 Ne6 35. Kc3 Nd4 36. Kb4 Ne6 37. Ka5 Nc5 38. Bc2 g6 39. Kb4 f5 40. f3
Bc8 41. h3 fxe4 42. dxe4 h5 43. Kc3 Ne6 44. Bd3 Nf4 45. Bf1 g5 46. g4 hxg4 47.
hxg4 Ba6 48. Kb4 Kd7 49. Ka5 Bc8 50. Kb6 Ne6 51. Be2 Nd4 52. Bd1 Ke7 53. c5
dxc5 54. Kxc5 Be6 55. Kb4 Kd6 56. Kc3 Kc5 57. Kd3 Bb3 58. Be2 Bc4+ 0-1

[Event "Reykjavik Open 2015"]
[Site "Reykjavik, "]
[Date "2015.03.11"]
[Round "2.23"]
[White "Rasmussen, Allan Stig"]
[Black "Niemann, Hans M"]
[Result "1-0"]
[WhiteElo "2532"]
[BlackElo "2275"]
[PlyCount "88"]
[EventDate "2015.03.10"]

1. d4 Nf6 2. c4 g6 3. Nc3 Bg7 4. e4 d6 5. Nf3 O-O 6. Be2 e5 7. O-O exd4 8. Nxd4
Re8 9. f3 c6 10. Bf4 Nh5 11. Be3 f5 12. Qd2 f4 13. Bf2 Be5 14. Rfd1 Qf6 15.
Rac1 Na6 16. a3 Nc5 17. b4 Ne6 18. Nb3 Ng3 19. Bd3 Nh5 20. Ne2 Nhg7 21. c5 dxc5
22. Nxc5 Nxc5 23. Rxc5 Ne6 24. Bc4 Kf8 25. Bxe6 Bxe6 26. Bd4 Bb3 27. Rxe5 Rxe5
28. Rb1 Bc4 29. Nxf4 Rae8 30. Rc1 b5 31. Nd3 Bxd3 32. Bxe5 Rxe5 33. Qxd3 Re6
34. Rd1 Qe5 35. Qd7 h5 36. Qxa7 Re7 37. Qa8+ Kg7 38. Qxc6 h4 39. Qc5 Qf6 40.
Qxb5 h3 41. Qc5 hxg2 42. Qd4 Re5 43. Rc1 Kh6 44. Qe3+ Rg5 1-0

[Event "Reykjavik Open 2015"]
[Site "Reykjavik, "]
[Date "2015.03.11"]
[Round "2.25"]
[White "Olafsson, Thorvardur"]
[Black "Danielsen, Henrik"]
[Result "0-1"]
[WhiteElo "2230"]
[BlackElo "2514"]
[PlyCount "34"]
[EventDate "2015.03.10"]

1. e4 d6 2. d4 Nf6 3. Nc3 e5 4. Nf3 Nbd7 5. Bc4 Be7 6. O-O O-O 7. h3 a6 8. a4
b6 9. Re1 Bb7 10. Bg5 h6 11. Bh4 Re8 12. Qd2 Nxe4 13. Nxe4 Bxh4 14. dxe5 Nxe5
15. Nxe5 Rxe5 16. Qf4 Qe7 17. Bxf7+ Kh8 0-1

[Event "Reykjavik Open 2015"]
[Site "Reykjavik, "]
[Date "2015.03.11"]
[Round "2.26"]
[White "Libiszewski, Fabien"]
[Black "Haugli, Petter"]
[Result "1-0"]
[WhiteElo "2514"]
[BlackElo "2247"]
[PlyCount "49"]
[EventDate "2015.03.10"]

1. e4 e6 2. d4 d5 3. Nc3 Bb4 4. exd5 exd5 5. Bd3 Nc6 6. a3 Bxc3+ 7. bxc3 Nf6 8.
Ne2 Bg4 9. O-O O-O 10. f3 Bh5 11. g4 Bg6 12. Ng3 Re8 13. f4 Bxd3 14. cxd3 Nd7
15. g5 Na5 16. f5 c5 17. Rb1 cxd4 18. cxd4 Nc6 19. Qh5 Nxd4 20. Rb4 g6 21. Qh6
Ne2+ 22. Nxe2 Rxe2 23. Rh4 gxf5 24. Qxh7+ Kf8 25. Qxf5 1-0

[Event "Reykjavik Open 2015"]
[Site "Reykjavik, "]
[Date "2015.03.11"]
[Round "2.27"]
[White "Morshedi, Ali"]
[Black "Tari, Aryan"]
[Result "0-1"]
[WhiteElo "2221"]
[BlackElo "2509"]
[PlyCount "56"]
[EventDate "2015.03.10"]

1. e4 e5 2. Nf3 Nc6 3. Bb5 a6 4. Ba4 Nge7 5. O-O g6 6. c3 Bg7 7. d4 exd4 8.
cxd4 b5 9. Bb3 O-O 10. Nc3 d6 11. d5 Na5 12. Bc2 Bb7 13. Bg5 Nc4 14. Qc1 Re8
15. Bd3 Qd7 16. Bh6 Bh8 17. Bxc4 bxc4 18. Ng5 c6 19. Qf4 f6 20. dxc6 Bxc6 21.
Nf3 f5 22. Rad1 fxe4 23. Rxd6 Qb7 24. Ne5 Bxe5 25. Qxe5 Nf5 26. Re6 Nxh6 27.
Nd5 Nf7 28. Nf6+ Kh8 0-1

[Event "Reykjavik Open 2015"]
[Site "Reykjavik, "]
[Date "2015.03.11"]
[Round "2.28"]
[White "Pakleza, Zbigniew"]
[Black "Barthel, Ansgar"]
[Result "1/2-1/2"]
[WhiteElo "2498"]
[BlackElo "2230"]
[PlyCount "94"]
[EventDate "2015.03.10"]

1. e4 Nf6 2. e5 Nd5 3. d4 d6 4. Nf3 dxe5 5. dxe5 Bg4 6. h3 Bxf3 7. Qxf3 e6 8.
a3 c6 9. c4 Ne7 10. Qc3 Ng6 11. f4 Bc5 12. g3 O-O 13. Nd2 Bd4 14. Qc2 Na6 15.
Nf3 Bb6 16. b4 c5 17. b5 Ba5+ 18. Kf2 Nc7 19. Be3 Qe7 20. Bd3 Rfd8 21. Be4 Ne8
22. Rad1 Nf8 23. g4 f6 24. Kg2 Rxd1 25. Rxd1 Rd8 26. Rf1 g6 27. Bf2 Rd7 28. Bh4
Qg7 29. Qf2 f5 30. Bc2 b6 31. Qe3 h6 32. Kh1 Qf7 33. Rg1 Kh7 34. Bf2 Ng7 35.
Bb1 Rd8 36. Bh4 Rd7 37. Bg5 Rd4 38. Nxd4 cxd4 39. Qxd4 hxg5 40. fxg5 Qb7+ 41.
Kh2 Qf3 42. gxf5 exf5 43. Rg3 Qe2+ 44. Rg2 Qe1 45. Rg1 Qe2+ 46. Rg2 Qe1 47. Rg1
Qe2+ 1/2-1/2

[Event "Reykjavik Open 2015"]
[Site "Reykjavik, "]
[Date "2015.03.11"]
[Round "2.29"]
[White "Schou-Moldt, Thomas"]
[Black "Idani, Pouya"]
[Result "0-1"]
[WhiteElo "2211"]
[BlackElo "2496"]
[PlyCount "74"]
[EventDate "2015.03.10"]

1. e4 c5 2. Nf3 d6 3. d4 cxd4 4. Nxd4 Nf6 5. Nc3 a6 6. Be2 e5 7. Nb3 Be7 8. Be3
Be6 9. Nd5 Nbd7 10. Qd3 Bxd5 11. exd5 Qc7 12. c4 a5 13. O-O O-O 14. Rac1 b6 15.
Kh1 Nc5 16. Qc2 Nfd7 17. f4 exf4 18. Bxf4 Bf6 19. Nd2 Rae8 20. Nf3 g6 21. Bh6
Bg7 22. Bxg7 Kxg7 23. Nd4 Ne5 24. Rf4 Qe7 25. Rcf1 f5 26. Qc3 Kg8 27. Qg3 Qg7
28. b3 Ned7 29. Bd1 Re4 30. Nb5 Qe5 31. R4f3 f4 32. Qf2 Nf6 33. Rh3 g5 34. g4
Re3 35. Qg2 Nd3 36. Rhf3 Ne4 37. Qh3 Ndf2+ 0-1

[Event "Reykjavik Open 2015"]
[Site "Reykjavik, "]
[Date "2015.03.11"]
[Round "2.31"]
[White "Arnold, Max"]
[Black "Rombaldoni, Axel"]
[Result "0-1"]
[WhiteElo "2189"]
[BlackElo "2488"]
[PlyCount "120"]
[EventDate "2015.03.10"]

1. e4 c5 2. Nf3 d6 3. d4 cxd4 4. Nxd4 Nf6 5. f3 e6 6. c4 Be7 7. Nc3 O-O 8. Be2
Re8 9. O-O a6 10. Be3 Qc7 11. Qd2 b6 12. Rfc1 Bb7 13. a4 Nbd7 14. a5 bxa5 15.
Nb3 Rab8 16. Nxa5 Ba8 17. b4 d5 18. cxd5 Bxb4 19. Nc6 Bxc6 20. dxc6 Nc5 21. Qa2
Qxc6 22. Qc4 Rec8 23. Na4 Nfd7 24. Nxc5 Nxc5 25. Rc2 a5 26. Rac1 Qb7 27. Qa2
Nd7 28. Rxc8+ Rxc8 29. Rxc8+ Qxc8 30. Qc4 Qxc4 31. Bxc4 a4 32. Kf1 Bd6 33. Ke2
a3 34. f4 e5 35. f5 Bc5 36. Bc1 Nf6 37. Kd3 Ng4 38. Bd5 Nxh2 39. Kc2 Ng4 40.
Kb3 h5 41. Bg5 Kf8 42. Bc6 Nf2 43. Ka2 Ng4 44. Ba4 g6 45. fxg6 fxg6 46. Bd1 Nf2
47. Bc2 Kg7 48. Kb3 Kf7 49. Ka2 Be7 50. Bd2 g5 51. Be1 Ng4 52. Bd1 Nf6 53. g3
g4 54. Bc2 Bc5 55. Bc3 Ke6 56. Be1 Kd6 57. Kb3 Nh7 58. Bb1 Ng5 59. Bc3 h4 60.
gxh4 g3 0-1

[Event "Reykjavik Open 2015"]
[Site "Reykjavik, "]
[Date "2015.03.11"]
[Round "2.34"]
[White "Bjerke, Richard"]
[Black "Bekker-Jensen, Simon"]
[Result "0-1"]
[WhiteElo "2180"]
[BlackElo "2462"]
[PlyCount "84"]
[EventDate "2015.03.10"]

1. e4 c5 2. Nf3 d6 3. d4 cxd4 4. Nxd4 Nf6 5. Nc3 a6 6. Be3 e5 7. Nf3 Qc7 8. a4
Be7 9. a5 O-O 10. Be2 h6 11. O-O Be6 12. Nd5 Bxd5 13. exd5 Nbd7 14. c4 Ng4 15.
Bd2 f5 16. Bc3 Ngf6 17. Nd2 Nc5 18. b4 Nce4 19. Nxe4 Nxe4 20. Be1 Nf6 21. Ra3
Nd7 22. Bd2 Bf6 23. Qc2 e4 24. Rc1 Rac8 25. Qb1 g5 26. Be3 Ne5 27. Bb6 Qf7 28.
c5 dxc5 29. Bxc5 Rfd8 30. d6 Kg7 31. f3 Nd7 32. Bc4 Qe8 33. fxe4 fxe4 34. Re1
Nxc5 35. bxc5 Rxc5 36. Rxe4 Qc6 37. Bf1 Rc1 38. Qb4 Rxd6 39. Rf3 Rdd1 40. Re7+
Kg6 41. Re4 Rb1 42. Qf8 Rxf1+ 0-1

[Event "Reykjavik Open 2015"]
[Site "Reykjavik, "]
[Date "2015.03.11"]
[Round "2.35"]
[White "Edvardsson, Kristjan"]
[Black "Akesson, Ralf"]
[Result "1/2-1/2"]
[WhiteElo "2176"]
[BlackElo "2456"]
[PlyCount "79"]
[EventDate "2015.03.10"]

1. d4 Nf6 2. c4 g6 3. g3 c5 4. d5 d6 5. Bg2 Bg7 6. Nc3 O-O 7. Nf3 a6 8. a4 e6
9. O-O exd5 10. cxd5 Re8 11. Nd2 Nbd7 12. h3 Qc7 13. Nc4 Ne5 14. Na3 c4 15. Be3
b6 16. Bd4 Bb7 17. Rc1 Rac8 18. b4 cxb3 19. Qxb3 Nfd7 20. Rfd1 Nc5 21. Qb4 Qd8
22. Ne4 Bxd5 23. Bxe5 Rxe5 24. Nxd6 Qxd6 25. Nc4 Qe6 26. Bxd5 Rxd5 27. Rxd5
Qxd5 28. Nxb6 Qg5 29. e3 Rc7 30. Nd5 Qxd5 31. Qb8+ Bf8 32. Qxc7 Nxa4 33. Rc4
Nc5 34. Rd4 Qb7 35. Qe5 Ne6 36. Ra4 Bb4 37. Qb2 a5 38. Rxa5 Qe7 39. Ra8+ Nf8
40. Qd4 1/2-1/2

[Event "Reykjavik Open 2015"]
[Site "Reykjavik, "]
[Date "2015.03.11"]
[Round "2.37"]
[White "Byron, Alan M"]
[Black "Gunnarsson, Jon Viktor"]
[Result "0-1"]
[WhiteElo "2172"]
[BlackElo "2443"]
[PlyCount "128"]
[EventDate "2015.03.10"]

1. e4 c5 2. Nc3 a6 3. Nf3 e6 4. d4 b5 5. Bg5 f6 6. Be3 cxd4 7. Nxd4 Bb7 8. Bd3
Nc6 9. Nxc6 Bxc6 10. O-O Ne7 11. a4 b4 12. Ne2 g6 13. Qd2 Qa5 14. Nd4 Bg7 15.
Nb3 Qc7 16. Qxb4 a5 17. Qc5 Kf7 18. Nd4 Rhd8 19. Nb5 Qb8 20. Nd6+ Kg8 21. Nc4
d6 22. Qb6 f5 23. Bg5 Qxb6 24. Nxb6 Ra7 25. exf5 gxf5 26. c3 d5 27. Rfe1 Kf7
28. Bb5 Bxb5 29. axb5 Rb8 30. Na4 Rxb5 31. Rad1 Rc7 32. Ra1 Ng6 33. Be3 f4 34.
Bd2 Rc4 35. Ra2 Ne5 36. Rd1 Nd3 37. Bc1 Nxc1 38. Rxc1 e5 39. Kf1 e4 40. Rd1 Ke6
41. Ke2 h5 42. f3 h4 43. Re1 e3 44. Kd3 Kf5 45. Rb1 Rb3 46. Kc2 Rbb4 47. Rba1
Be5 48. Kd3 Rb3 49. Rb1 Rc7 50. Kc2 Rb8 51. Kd3 h3 52. gxh3 d4 53. cxd4 Rd8 54.
b3 Rxd4+ 55. Ke2 Rcd7 56. Rbb2 Rd1 57. Rc2 Rh1 58. Nc5 Rxh2+ 59. Ke1 Rh1+ 60.
Ke2 Rd5 61. Ne4 Rdd1 62. Ng3+ fxg3 63. Kxe3 Rhe1+ 64. Re2 Bf4# 0-1

[Event "Reykjavik Open 2015"]
[Site "Reykjavik, "]
[Date "2015.03.11"]
[Round "2.38"]
[White "Petrov, Nikita"]
[Black "Haessel, Dale R"]
[Result "1-0"]
[WhiteElo "2435"]
[BlackElo "2174"]
[PlyCount "53"]
[EventDate "2015.03.10"]

1. c4 c5 2. g3 Nc6 3. Bg2 Nf6 4. Nf3 d5 5. cxd5 Nxd5 6. Nc3 g6 7. O-O Bg7 8.
Nxd5 Qxd5 9. d3 O-O 10. Be3 Qd6 11. Rc1 Nd4 12. Nxd4 cxd4 13. Bf4 Qb6 14. Qb3
Qxb3 15. axb3 e5 16. Bd2 Bg4 17. Rfe1 Rac8 18. Kf1 b6 19. Bb7 Rxc1 20. Rxc1 Bf6
21. Ba6 Be6 22. Rc7 Bxb3 23. Rxa7 Bd5 24. Bb7 Be6 25. Bb4 Rd8 26. Ra6 Rb8 27.
Bd6 1-0

[Event "Reykjavik Open 2015"]
[Site "Reykjavik, "]
[Date "2015.03.11"]
[Round "2.40"]
[White "Wang, Yiye"]
[Black "Loftsson, Hrafn"]
[Result "1-0"]
[WhiteElo "2433"]
[BlackElo "2171"]
[PlyCount "85"]
[EventDate "2015.03.10"]

1. e4 d6 2. d4 Nf6 3. Nc3 e5 4. dxe5 dxe5 5. Qxd8+ Kxd8 6. Bc4 Be6 7. Bxe6 fxe6
8. Nf3 Bd6 9. Be3 Ke7 10. Nd2 Nbd7 11. f3 c6 12. Nc4 Bc7 13. a4 Rhd8 14. b4 Ne8
15. Ke2 h6 16. Rhb1 Nd6 17. Nxd6 Bxd6 18. Nd1 b6 19. c4 c5 20. b5 a5 21. Nf2
Bc7 22. Nd3 Nf8 23. h4 Ng6 24. g3 Bd6 25. f4 exf4 26. gxf4 e5 27. f5 Nh8 28.
Rg1 Rg8 29. Rg2 Kf7 30. Rag1 Rae8 31. Bd2 Bc7 32. Bc3 g6 33. Rf2 g5 34. hxg5
Rxg5 35. Rh1 h5 36. Rfh2 Kf6 37. Nf4 Bd8 38. Rxh5 Rxh5 39. Rxh5 Nf7 40. Rh7 Nd6
41. Nd5+ Kg5 42. Kf3 Nxc4 43. Be1 1-0

[Event "Reykjavik Open 2015"]
[Site "Reykjavik, "]
[Date "2015.03.11"]
[Round "2.41"]
[White "Halldorsson, Bragi"]
[Black "Thorfinnsson, Bragi"]
[Result "0-1"]
[WhiteElo "2140"]
[BlackElo "2429"]
[PlyCount "114"]
[EventDate "2015.03.10"]

1. d4 e6 2. c4 b6 3. g3 Bb7 4. d5 Nf6 5. Bg2 Bb4+ 6. Bd2 Bc5 7. Nc3 O-O 8. Nh3
e5 9. Qc2 a5 10. Ng5 h6 11. h4 d6 12. O-O-O Nbd7 13. f4 Re8 14. fxe5 Rxe5 15.
Rdf1 Nf8 16. Nge4 Ng4 17. Nxc5 bxc5 18. Bf3 Bc8 19. e4 Re8 20. Bxg4 Bxg4 21.
Rf4 h5 22. Rhf1 f6 23. Nd1 Ng6 24. R4f2 Qe7 25. Re1 Ne5 26. Bf4 Nf3 27. Rxf3
Bxf3 28. Nf2 Qd7 29. Bd2 a4 30. Bc3 Re7 31. Qd2 Rae8 32. Qf4 Bg4 33. Nd3 Qc8
34. Nf2 Rf8 35. Kd2 Rfe8 36. Kd3 Qd7 37. Re3 Kh7 38. Re1 Rf7 39. Kd2 Rfe7 40.
Kd3 Qc8 41. Re3 Bf5 42. Bd2 Bg6 43. Bc3 c6 44. Qxd6 cxd5 45. cxd5 Rd7 46. Qf4
Rxd5+ 47. Ke2 Rdd8 48. e5 fxe5 49. Bxe5 Qa6+ 50. Ke1 Rf8 51. Qg5 Qc4 52. Re2
Qxa2 53. Kf1 Rd1+ 54. Kg2 Qd5+ 55. Kh3 Rxf2 56. Rxf2 Rh1+ 57. Rh2 Qf3 0-1

[Event "Reykjavik Open 2015"]
[Site "Reykjavik, "]
[Date "2015.03.11"]
[Round "2.45"]
[White "Sigeman, Johan"]
[Black "Hagen, Andreas Skytte"]
[Result "0-1"]
[WhiteElo "2123"]
[BlackElo "2412"]
[PlyCount "94"]
[EventDate "2015.03.10"]

1. d4 Nf6 2. c4 g6 3. Nc3 Bg7 4. Nf3 O-O 5. Bg5 c5 6. e3 cxd4 7. Nxd4 Qa5 8.
Bxf6 Bxf6 9. Be2 Nc6 10. O-O Bg7 11. Qd2 d6 12. Rfd1 a6 13. Nd5 Qd8 14. Rac1
Bd7 15. b4 e6 16. Nxc6 Bxc6 17. Nf4 Ba4 18. Re1 Qe7 19. Bf3 Rfd8 20. Nd3 Rac8
21. Nb2 Bc6 22. Bxc6 Rxc6 23. Nd3 Qc7 24. Qc2 Rc8 25. c5 dxc5 26. bxc5 Qa5 27.
Qb1 R6c7 28. h3 Bf8 29. Red1 Rd8 30. Qb2 Rcd7 31. Qc2 Qb5 32. a4 Qc6 33. Qc4
Rd5 34. Kf1 Qc7 35. Ke2 Qh2 36. Rh1 Qc7 37. Rhd1 Rc8 38. e4 Rd7 39. g3 Rcd8 40.
c6 Rd4 41. Qc3 Rxe4+ 42. Kf1 bxc6 43. Nc5 Bxc5 44. Rxd8+ Qxd8 45. Qxc5 Qd5 46.
a5 Qxc5 47. Rxc5 Ra4 0-1